000 00335nam a2200133 a 4500
005 20140414131845.0
008 100524s19uu xx 00 eng d
050 _aM 220.9
_bJ67 1999
245 _aJoseph and the coat of many colours.
260 _c1999.
650 _aJoseph
_xbiblical character
999 _c109896
_d109896